[Event "FIDE Chesscom Grand Swiss 2021"]
[Site "Riga"]
[Date "2021.11.05"]
[Round "9.42"]
[White "Ganguly, Surya Shekhar"]
[Black "Zhou, Jianchao"]
[Result "0-1"]
[WhiteElo "2617"]
[BlackElo "2629"]
[Annotator "TA"]
[PlyCount "70"]
[EventDate "2021.10.27"]
[EventType "swiss"]
[EventCountry "LAT"]
[Tiebreak "Cut1 Buchholz+Sonneborn-Berger (Swiss)"]
[SourceTitle "playchess.com"]
[Source "ChessBase"]
[SourceQuality "1"]

{[%evp 10,70,19,10,10,5,10,1,0,-8,37,0,0,2,0,2,5,-3,-28,-66,-59,-72,-64,-58,
-49,-104,-94,-66,-54,-62,-62,-85,-63,-85,-80,-91,-16,-204,-207,-194,-189,-293,
-298,-504,-509,-504,-480,-505,-453,-522,-523,-768,-761,-29980,-29979,-29979,
-29980,-29980,-29981,-29981,-29981,-29982,-12841]} 1. Nf3 Nf6 2. c4 e6 3. Nc3
d5 4. e3 Be7 5. b3 O-O 6. Bb2 dxc4 {A13: English Opening: 1...e6.} 7. Bxc4 c5
8. Qc2 {[#]} b6 $146 {The position is equal.} ({Predecessor:} 8... Nc6 9. O-O
b6 10. Rfd1 Bb7 11. d4 cxd4 12. Nxd4 Nxd4 13. Rxd4 Qc8 14. Rad1 Qc6 {1/2-1/2 
(51) Vachier Lagrave,M (2774)-Wei,Y (2721) Chess.com INT 2019}) 9. Ng5 Bb7 10.
h4 (10. Nd5 $2 exd5 11. Bxf6 g6 $19) (10. Ne2 {is interesting.} Nbd7 11. Nf4
Bd6 12. Nfxe6 fxe6 13. Nxe6 Qc8 14. Qd3) 10... Nbd7 $1 (10... Bxg2 $2 11. Rg1
$16) 11. f4 a6 12. Bd3 {[%cal Rd3h7]} h6 $36 {[%mdl 2048] [#] Black is more
active.} (12... Bxg2 $6 13. Rh2 $16) 13. Nce4 $1 Re8 (13... hxg5 $2 14. hxg5
Re8 15. gxf6 $18) (13... b5 14. Nxf6+) 14. Rh3 Nxe4 15. Nxe4 f5 (15... Bxh4+ $6
16. g3 $11) 16. Ng5 {Strongly threatening Bxf5!} Bd5 (16... Bxg5 $6 17. hxg5
hxg5 18. g4 $16 (18. Qc3 Qe7 $11)) 17. g4 hxg5 $17 18. hxg5 Bxg5 19. fxg5 Qxg5
20. Be2 fxg4 21. Rh2 Nf6 22. O-O-O Qf5 ({Black should play} 22... e5 $17 {
next ...g3 is good for Black.} 23. Rg1 g6) 23. Qc3 $2 {White does not recover
from this.} (23. Rg1 $11) 23... g3 $19 24. e4 Qg5 (24... gxh2 $2 {is the wrong
capture.} 25. exf5 h1=Q 26. Rxh1 $18) ({Don't go for} 24... Bxe4 $2 25. Qxg3
Qg6 26. Qxg6 $18) 25. exd5 (25. Rh3 {was called for.} Nxe4 26. Qe5 Qxe5 27.
Bxe5) 25... gxh2 26. dxe6 (26. Qh3) 26... Rxe6 27. Bc4 Qg4 28. Bxe6+ Qxe6 29.
Rh1 {[#]} Qg4 {White must now prevent ...Qg1+.} 30. Qe5 Qg1+ {[%mdl 64] Double
Attack} 31. Kc2 Qxh1 {Black mates.} 32. Qe6+ Kh8 33. Qh3+ Nh7 34. Bxg7+ Kxg7
35. Qg3+ Kf7 {Weighted Error Value: White=0.54/Black=0.09} 0-1

[Event "FIDE Chesscom Grand Swiss 2021"]
[Site "Riga"]
[Date "2021.11.05"]
[Round "9.43"]
[White "Mamedov, Rauf"]
[Black "Nguyen, Thai Dai Van"]
[Result "1/2-1/2"]
[WhiteElo "2673"]
[BlackElo "2577"]
[Annotator "TA"]
[PlyCount "96"]
[EventDate "2021.10.27"]
[EventType "swiss"]
[EventCountry "LAT"]
[Tiebreak "Cut1 Buchholz+Sonneborn-Berger (Swiss)"]
[SourceTitle "playchess.com"]
[Source "ChessBase"]
[SourceQuality "1"]

{[%evp 10,96,33,-17,0,0,0,0,0,0,0,0,0,-5,-2,0,6,6,13,6,14,6,23,16,11,17,18,18,
6,4,4,8,9,5,25,5,15,7,8,7,11,0,0,0,0,0,10,10,10,9,10,7,7,7,7,0,0,0,79,79,89,27,
14,0,0,0,0,0,0,0,0,0,0,0,0,0,0,0,0,0,0,0,0,0,0,0,0,-1686,-1558]} 1. e4 e5 2.
Nf3 Nf6 3. d4 Nxe4 4. Bd3 d5 5. Nxe5 Nd7 6. Nc3 (6. Nxd7 {feels hotter.} Bxd7
7. O-O Bd6 8. Qh5 Nf6 9. Re1+) 6... Nxc3 {C43: Petroff Defence: 3 d4.} (6...
Nxe5 {is more complex.} 7. dxe5 Bb4 8. Bxe4 Bxc3+ 9. bxc3 dxe4 10. Qd4 Bf5) 7.
bxc3 Bd6 {Nowadays more popular than 7...Nxe5.} 8. Qh5 {[%csl Ge5][%cal Rh5f7]
[#]} g6 {The position is equal.} 9. Qh6 Nxe5 10. dxe5 Bxe5 11. O-O $1 {
Strongly threatening Re1.} Qf6 ({Worse is} 11... Bxc3 12. Qe3+ Be6 13. Bb5+ c6
14. Qxc3 $18) 12. Rb1 {[#]} Qg7 $146 ({Predecessor:} 12... Bxc3 13. Ba3 b6 14.
Qe3+ Kd7 15. Rb3 Bd4 16. Qd2 Bb7 17. Bb5+ c6 18. Rf3 Qg7 19. Qg5 f5 20. Bd3
Rae8 {1/2-1/2 (20) Balogh,C (2567)-Voloshin,L (2470) Austria 2006}) 13. Qh4 O-O
14. Bh6 Qf6 15. Qxf6 Bxf6 16. Bxf8 Kxf8 17. c4 dxc4 18. Bxc4 a5 19. a4 b6 20.
Rbd1 Bf5 21. Rfe1 Kg7 22. Bb3 Rb8 23. h3 h5 24. Rd5 Be6 25. Rxe6 fxe6 $11 {
[%mdl 4096] Endgame KRB-KRB} 26. Rd7+ {[%mdl 64] [#] Discovered Attack} Kh6 27.
Rxc7 Rd8 28. Kf1 Rd6 29. Ke2 h4 30. Bc4 Bd4 31. Bd3 e5 32. Rc4 Rf6 33. f3 Kg7 (
33... Kg5 $11 {keeps the balance.}) 34. c3 $16 Bc5 35. Rg4 ({Better is} 35.
Rxh4 $16 Rf4 36. Rg4) 35... Be7 $11 36. Bb1 Rc6 37. Be4 Rd6 38. Bd3 Rc6 39. Be4
Rd6 40. Bc2 Rc6 41. Bb1 g5 42. Kd3 Kf6 43. Re4 Rd6+ 44. Kc2 Rd8 45. Ba2 Bc5 46.
Bc4 Rd6 47. Bd3 Rd8 48. Rxe5 $2 {[%mdl 8192]} Kxe5 {[%mdl 32768] Weighted
Error Value: White=0.24/Black=0.06. An unexpected result.} 1/2-1/2

[Event "FIDE Chesscom Grand Swiss 2021"]
[Site "Riga"]
[Date "2021.11.05"]
[Round "9.44"]
[White "Gelfand, Boris"]
[Black "Movsesian, Sergei"]
[Result "1-0"]
[WhiteElo "2680"]
[BlackElo "2627"]
[Annotator "TA"]
[PlyCount "73"]
[EventDate "2021.10.27"]
[EventType "swiss"]
[EventCountry "LAT"]
[Tiebreak "Cut1 Buchholz+Sonneborn-Berger (Swiss)"]
[SourceTitle "playchess.com"]
[Source "ChessBase"]
[SourceQuality "1"]

{[%evp 9,73,-25,-28,-22,-17,-39,0,-11,0,-12,-11,-20,-32,-22,-17,0,-25,-10,-19,
-3,-25,-15,8,-10,67,60,175,178,185,157,187,172,172,172,377,378,764,758,1489,
1448,1513,1538,1561,1582,1477,1461,1382,1387,1387,1364,1314,0,95,0,986,1295,
1234,1234,4132,1267,1250,1250,2396,931,820,813]} 1. d4 d5 2. c4 c6 3. Nf3 Nf6
4. Nc3 dxc4 5. e4 b5 $1 6. Be2 {D15: Slav Defence: 4 Nc3 a6 and gambit lines
after 4 Nc3 dxc4.} e6 7. a4 $5 {[%mdl 4] Exploring less charted territory.} b4
{[%cal Rb4c3]} 8. e5 {The position is equal.} bxc3 9. exf6 cxb2 10. fxg7 bxa1=Q
11. gxh8=Q Qa5+ $1 {[#]} 12. Nd2 $5 $146 {[%mdl 8] Black must now prevent 0-0.
An interesting novelty.} ({Predecessor:} 12. Kf1 Q5xa4 13. Qxa4 Qxa4 14. g3 Nd7
15. Kg2 Bb7 16. Bf4 O-O-O 17. Qxh7 Qa2 18. Nd2 {1/2-1/2 (43) Halkias,S (2553)
-Heinemann,J (2255) Riga 2019}) 12... c3 13. O-O $1 cxd2 14. Bxd2 Qxd1 15. Rxd1
Qxa4 16. Qxh7 {And now Bh5! would win.} a5 (16... Qxd4 $2 17. Bg5 $18) ({
Black should try} 16... e5 $11 17. Bh6 Qb4) 17. h4 $1 $14 {[%mdl 1024] White
has compensation.} Ra7 (17... Qxd4 $2 18. Bg5 $18) (17... Qa3 $1 $14) 18. h5 $1
$18 Ba6 {[#]} (18... Qxd4 $2 19. Bg5 $18) 19. Bf3 Rd7 ({Wrong is} 19... Qxd4 $2
20. Be3 $18) 20. h6 Rxd4 21. Bh5 Rd7 (21... Qxd1+ {was called for.} 22. Bxd1
Rxd2) 22. Qg8 {aiming for h7.} Bd3 {[#]} (22... Qh4 23. Rb1 Bb7) 23. Bg5 $1 {
Strongly threatening Rxd3!} Bg6 24. Re1 {Threatening mate with Rxe6+!} ({Not} 
24. Rxd7 Nxd7 25. h7 (25. Bxg6 Qd1+ 26. Kh2 Ne5 $11) 25... Bxh5 $18) 24... Bxh5
25. h7 {Qxf8+! would kill now.} Qb4 {[#]} 26. Rxe6+ $1 {[%mdl 512]} fxe6 27.
Qxe6+ Re7 28. Qc8+ Kf7 29. Qf5+ Ke8 30. Qc8+ $2 (30. h8=Q $18 {[%csl Gf5][%cal
Rh8f8]} Nd7 31. Bxe7 {[%mdl 64] Pin}) 30... Kf7 $16 {( -> ...Re1+)} 31. Qf5+ $2
{[%mdl 8192]} (31. h8=Q $16 Re1+ 32. Kh2 Qd6+ 33. f4) 31... Ke8 $18 32. h8=Q {
[%csl Gf5][%cal Rh8f8] White is clearly winning.} Re1+ 33. Kh2 {[%cal Rh8h5]}
Bg4 34. Qg6+ (34. Qd3 $142 Re7 35. Qg6+ Kd7 36. Qxf8) 34... Kd7 35. Qf7+ {
[%mdl 64] Double Attack} Be7 36. Qhe8+ (36. Bf4 $142 Qxf4+ 37. Qxf4) 36... Kc7
37. Bxe7 {Weighted Error Value: White=0.41/Black=0.41} 1-0

[Event "FIDE Chesscom Grand Swiss 2021"]
[Site "Riga"]
[Date "2021.11.05"]
[Round "9.45"]
[White "Adhiban, B.."]
[Black "Martirosyan, Haik M."]
[Result "0-1"]
[WhiteElo "2672"]
[BlackElo "2624"]
[Annotator "TA"]
[PlyCount "62"]
[EventDate "2021.10.27"]
[EventType "swiss"]
[EventCountry "LAT"]
[Tiebreak "Cut1 Buchholz+Sonneborn-Berger (Swiss)"]
[SourceTitle "playchess.com"]
[Source "ChessBase"]
[SourceQuality "1"]

{[%evp 13,62,4,15,6,10,0,13,6,40,0,0,0,-3,-3,10,4,14,8,0,12,25,-184,-216,-161,
-78,-141,-216,-353,-358,-474,-465,-652,-668,-582,-203,-183,-204,-211,-194,-191,
-198,-176,-93,-214,-226,-349,-359,-747,-742,-664,-637]} 1. e4 e5 2. Nf3 Nc6 3.
Bc4 Bc5 4. d3 Nf6 5. Bg5 h6 6. Bh4 d6 7. c3 {is the new trend.} a6 8. Nbd2 {
C54: Giuoco Piano: 4 c3 Nf6, main lines with 5 d4 and 5 d3.} Ba7 9. O-O g5 10.
Bg3 {The position is equal.} Nh7 $5 {[%mdl 4] [#] A promising side line.} 11.
Kh1 $146 (11. d4 $5) ({Predecessor:} 11. d4 h5 12. h4 g4 13. Ne1 exd4 14. Nd3
O-O 15. Bb3 Re8 16. Re1 Bd7 17. Nf4 dxc3 18. bxc3 {1/2-1/2 (26) Straka,Z (2569)
-Parshin,V (2384) ICCF email 2017}) 11... Nf8 12. d4 {[%cal Rd4e5]} Ng6 13.
dxe5 dxe5 14. Bd5 {Black must now prevent Bxc6+.} f6 {[#]} 15. Nh4 $1 gxh4 16.
Qh5 $1 {[%csl LRg6,LRh4]} Nce7 {[#]} 17. f4 $1 hxg3 $19 18. fxe5 {[#]} Qd7 (
18... Bf2 $1 $19 {And now ...Be6! would win.} 19. exf6 Qd6 20. fxe7 Kxe7) 19.
e6 $17 Qb5 20. a4 (20. Rxf6 $142 Rg8 21. Nc4 gxh2 22. Rd1) 20... Qc5 $19 ({
Don't take} 20... Qxb2 21. Nc4 $19) 21. Rxf6 gxh2 22. Nf3 (22. Kxh2 $142 c6 23.
Rxg6) 22... Rg8 23. Rd1 Bxe6 $2 24. Bxe6 {Threatening mate with Bf7+.} Qxh5 25.
Bd7+ Kd8 26. Bg4+ {[#]} Qd5 $1 {[%cal Rd5d1]} 27. exd5 {[#]} Bc5 ({Better is} 
27... Rf8 $1 $19 {[%cal Rf8f6]} 28. Rxf8+ Nxf8) 28. b4 (28. d6 $17 cxd6 29. b4)
28... Bd6 29. Nd4 (29. c4 $142) 29... Nxd5 30. Rf7 (30. Rxd6+ cxd6 31. Ne6+ {
[%mdl 64] Discovered Attack} Ke7 32. Rxd5) 30... Ne5 {[%mdl 64] Double Attack,
Discovered Attack} 31. Ne6+ Ke8 {Weighted Error Value: White=0.63/Black=0.25}
0-1

[Event "FIDE Chesscom Grand Swiss 2021"]
[Site "Riga"]
[Date "2021.11.05"]
[Round "9.46"]
[White "Paravyan, David"]
[Black "Bartel, Mateusz"]
[Result "0-1"]
[WhiteElo "2642"]
[BlackElo "2597"]
[Annotator "TA"]
[PlyCount "248"]
[EventDate "2021.10.27"]
[EventType "swiss"]
[EventCountry "LAT"]
[Tiebreak "Cut1 Buchholz+Sonneborn-Berger (Swiss)"]
[SourceTitle "playchess.com"]
[Source "ChessBase"]
[SourceQuality "1"]

{[%evp 13,248,18,25,0,12,12,6,19,29,8,8,0,22,-8,-8,-10,-13,-10,-14,-13,-13,-14,
-11,-9,0,0,7,3,0,0,14,8,0,12,19,0,0,0,0,0,0,0,0,-7,0,-13,-7,-24,-25,-25,-28,
-32,-8,-7,-11,-11,-13,-68,-68,-68,-68,-82,-16,-25,-12,-12,-12,-30,-27,-59,-59,
-105,-34,-106,-31,-12,0,-109,-106,-108,-114,-105,-106,-105,-76,-135,-88,-129,
-108,-112,-73,-50,0,-97,-97,-100,-97,-97,-97,-96,-97,-96,-92,-95,-72,-321,-68,
-74,-74,-81,-81,-81,-79,-70,-41,-87,-92,-81,-87,-136,-139,-138,-135,-88,-19,
-17,0,-97,-8,-99,-90,-87,-92,-191,-170,-197,-193,-257,-260,-382,-323,-1107,
-1113,-1103,-1000,-706,-670,-601,-212,-525,-431,-1733,-1859,-1719,-1503,-1424,
-1370,-10412,-10412,-10412,-10412,-10412,-10412,-10412,-10412,-10412,-10412,
-10412,-10412,-10412,-10412,-10412,-10412,-10412,-10412,-10412,-9933,-10412,
-10412,-10412,-10412,-10412,-10412,-10412,-10412,-10412,-9147,-9147,-9147,
-8456,-8241,-7258,-6997,-6937,-5670,-5095,-4767,-4752,-4204,-4197,-4175,-4175,
-4175,-4167,0,-4160,-4160,-4160,-4160,-4160,-4160,-4160,-4153,-4153,-4153,
-4153,-4153,-4153,-4144,-29989,-29987,-29990,-29991,-29991,-29992,-29992,
-29993,-29993,-29991,-29991,-29987,-29989,-29988,-29988,-29989,-29989,-29990]} 
1. d4 d5 2. c4 e6 3. Nc3 Nf6 4. Nf3 Nbd7 5. Bg5 h6 6. Bh4 Be7 7. e3 O-O 8. h3 {
D56: Queen's Gambit Declined: Lasker Defence.} c6 9. Qc2 dxc4 $5 {[%mdl 4]
Leaves trodden paths.} 10. Bxc4 {The position is equal.} b5 11. Bd3 {[#]} Bb7
$146 ({Predecessor:} 11... a6 12. g4 Nd5 13. Bxe7 Qxe7 14. e4 Nb4 15. Qd2 Nxd3+
16. Qxd3 Bb7 {1-0 (52) Fernandes,A (1810)-Nogueira,D (1533) Famalicao 2014})
12. O-O Rc8 13. Rad1 b4 14. Na4 c5 15. dxc5 Qc7 16. Nd4 Nxc5 17. Nxc5 Qxc5 18.
Qxc5 Rxc5 19. Nb3 Rh5 (19... Rcc8 {seems wilder.} 20. f3 Bd5 21. e4 Bxb3 22.
axb3 Bc5+) 20. Bg3 Rg5 21. Be2 Bd5 22. h4 Rxg3 23. fxg3 Ne4 24. Bf3 Nxg3 25.
Rf2 Bxb3 26. axb3 Bc5 27. Rd3 Nf5 28. Re2 Nxh4 29. Rc2 Bb6 30. Kf2 Ng6 31. Ke2
Ne5 32. Rd1 g5 33. Rdc1 g4 34. Bb7 Kg7 35. g3 (35. Rc8 $11) 35... Rd8 $15 36.
Rd2 Rxd2+ 37. Kxd2 {[%mdl 4096] Endgame KRB-KBN} h5 (37... Nd7 $1 $17 38. Rc4
f5) 38. Ke2 $11 Nd7 39. Be4 Nc5 40. Bc2 f5 41. Kf2 Kf6 42. Kg2 Kg5 (42... e5
$17) 43. Rh1 (43. Rf1 $1 $15) 43... Bc7 ({Better is} 43... e5 $17 44. Rd1 e4)
44. Ra1 $15 Bb6 (44... a6 $11) 45. Rh1 $17 e5 46. Rd1 e4 47. Rd5 Kf6 48. Kf2
Ke6 49. Rd4 (49. Rd1 $142) 49... a5 50. Rc4 Ke5 51. Ke2 Ba7 52. Rd4 Bb6 53. Rd1
(53. Rc4 $1 $11 {remains equal.}) 53... Ne6 54. Rd7 Nc7 55. Re7+ Kf6 56. Rh7 {
And now Rh6+ would win.} Nd5 57. Rxh5 {Black must now prevent Bxe4!} Ke5 ({
Much worse is} 57... Nxe3 $6 58. Rh6+ (58. Bxe4 $2 Kg6 $19) 58... Kg5 59. Rxb6
$14) 58. Rh8 Nxe3 59. Rb8 $2 Nd5 $2 (59... Nxc2 $19 60. Rxb6 f4 61. gxf4+ (61.
Rb5+ $2 Kd6 $19) 61... Kxf4 62. Rf6+ Ke5) 60. Re8+ $15 Kd6 61. Rf8 Ke6 62. Re8+
Ne7 63. Bd1 Bd4 64. Kf1 Bxb2 65. Be2 Be5 66. Kg2 Bc7 $1 67. Bc4+ {[#]} Kd6 $1
68. Rf8 Ke5 (68... Kc5 $17 {...a4! is the strong threat.} 69. Ra8 Bb6) 69. Re8
$1 $11 {[%cal Re8e7]} Kd6 ({Black should try} 69... Bd6 $11) 70. Rf8 $1 $17 Nd5
(70... Kc5 $17 71. Ra8 Bb6) 71. Kf2 (71. Bxd5 $11 {was the only way to keep
the balance.} Kxd5 72. Rxf5+ Be5 73. Rf7) 71... Bb6+ {Black continues to play
with concentration.} 72. Ke2 Nc3+ 73. Ke1 (73. Kf1 $17 {keeps fighting.}) 73...
Ke5 $19 74. Bg8 Bc5 75. Ra8 {[#]} (75. Rc8 {is a better defense.} Kd4 76. Bh7)
75... e3 $1 {Hoping for ...Ke4.} 76. Rxa5 (76. Re8+ {only move.} Kf6 77. Bc4)
76... Kd4 77. Ra8 $2 (77. Bc4 Ne4 78. Ra8) 77... Bd6 78. Rd8 Kc5 79. Rc8+ Kb6
80. Re8 Bxg3+ 81. Kf1 f4 82. Bf7 (82. Bh7 $142 e2+ 83. Rxe2) 82... Nb1 83. Ke2
Bf2 84. Kd3 f3 85. Bh5 e2 86. Bxg4 e1=Q 87. Rxe1 Bxe1 88. Bxf3 Kc5 89. Bh5 Kd5
90. Bf7+ Ke5 91. Bg8 Kf4 92. Bd5 Bc3 93. Kc2 Nd2 94. Kd3 Nf3 95. Ba8 Ne5+ 96.
Ke2 Bd4 97. Bh1 Kf5 98. Bd5 Kf6 99. Bg8 Ke7 100. Bd5 Kd6 101. Bg8 Kc5 102. Be6
Bg1 103. Kf1 Bh2 104. Ke2 Bf4 105. Kd1 Kd4 106. Kc2 Ke3 107. Bd5 Nd3 108. Bc4
Ne5 $2 (108... Nc5 $19 {aiming for ...Bb8.} 109. Bd5 Ne4) 109. Bb5 $2 {[%mdl
8192]} (109. Bd5 $11 Nf3 110. Kd1) 109... Bg3 110. Ba6 Be1 111. Bb5 Bc3 112.
Ba6 Nf3 113. Bc4 Nd4+ 114. Kc1 Be1 115. Bg8 Kd3 116. Kb2 Bh4 {Black mates.}
117. Bc4+ Kd2 118. Bg8 Bf6 119. Bc4 Nc2+ 120. Ka2 Ne1 121. Kb1 Nd3 122. Bg8 Kc3
123. Bf7 Bg5 124. Bg8 Nc1 {Weighted Error Value: White=0.21/Black=0.19} 0-1

[Event "FIDE Chesscom Grand Swiss 2021"]
[Site "Riga"]
[Date "2021.11.05"]
[Round "9.47"]
[White "Gukesh D"]
[Black "Gretarsson, Hjorvar Steinn"]
[Result "1/2-1/2"]
[WhiteElo "2640"]
[BlackElo "2577"]
[Annotator "TA"]
[PlyCount "191"]
[EventDate "2021.10.27"]
[EventType "swiss"]
[EventCountry "LAT"]
[Tiebreak "Cut1 Buchholz+Sonneborn-Berger (Swiss)"]
[SourceTitle "playchess.com"]
[Source "ChessBase"]
[SourceQuality "1"]

{[%evp 18,191,27,25,25,0,8,0,24,14,26,6,20,-5,-6,-16,-6,-6,-6,-4,-3,-9,-3,-7,
-7,-8,0,-6,0,-7,-7,-8,-7,-13,0,0,0,0,0,0,0,0,0,0,0,0,0,-5,0,-65,-56,-233,-240,
-225,-138,-149,-133,-123,-114,-219,-162,-141,-35,-164,-104,-149,-125,-484,-154,
-250,0,-479,-473,-468,-454,-475,-467,-460,-469,-452,-346,-501,-492,-460,-378,
-666,-645,-747,-70,-70,-70,-70,-69,-69,-70,-70,-70,-70,-66,-66,-66,-66,-66,-66,
-66,-66,-66,-83,-66,-66,-66,-66,-66,-66,-66,-66,-66,-83,-66,-66,-66,-66,-66,
-66,-66,-66,-66,-66,-7,-66,-66,-66,-14,-66,0,-66,-54,-66,-66,-66,-66,-66,-66,
-66,-66,-66,-54,-54,-54,-66,-66,-66,-66,-66,-66,-66,-66,-66,-66,-66,-66,-66,
-60,-66,-66,-66,-24,-31,0,-66,0,-66,-54,-54,0,-67]} 1. d4 Nf6 2. c4 e6 3. Nf3
d5 4. Nc3 c6 5. Bg5 Nbd7 6. e3 h6 7. Bh4 Be7 8. Qc2 O-O 9. Be2 dxc4 10. Bxc4 b5
{D61: Queen's Gambit Declined: Classical: 7 Qc2.} 11. Bd3 Bb7 12. O-O Rc8 13.
Rfd1 b4 14. Bxf6 Nxf6 {[#]} (14... Bxf6 {looks sharper.} 15. Ne4 c5 16. Nd6
Bxf3 17. gxf3 Rc6) 15. Ne4 $146 ({Predecessor:} 15. Na4 c5 16. dxc5 Qa5 17. Nd4
Bd5 18. c6 Rfd8 19. b3 e5 20. e4 exd4 21. exd5 Qxd5 {0-1 (27) Herzog,K (1828)
-Pilgram,K (1830) LSS email 2014}) 15... c5 16. dxc5 Bxe4 17. Bxe4 Qe8 18. Bd3
Rxc5 19. Qe2 Qb8 20. Nd4 Rd8 21. g3 Bf8 22. Rd2 h5 23. h3 Qb6 24. Rad1 a5 25.
Bc2 e5 26. Nf3 Rxd2 27. Rxd2 e4 28. Nd4 g6 29. h4 Bd6 30. Qd1 Be5 31. Bb3 Kg7
32. Kg2 Rc7 33. Ne2 (33. Rc2 $11) 33... Ng4 $1 $15 34. Nd4 $2 (34. Qe1 $15)
34... Qf6 $1 $19 {White must now prevent ...Bxd4.} 35. Qe2 Rc5 36. f3 exf3+ 37.
Nxf3 Rc7 38. Ng5 (38. e4 $17) 38... Re7 {Strongly threatening ...Bxg3!} 39. e4
Qb6 (39... Bd4 $17 {Hoping for ...Be3.} 40. Bxf7 Be3) 40. Qf3 (40. Bxf7 $15
Rxf7 41. Nxf7 Kxf7 42. Qc4+ Ke7 43. Qg8) 40... Bf6 (40... Bb8 $19 41. Re2 Ba7)
41. Qf4 Qc6 42. Re2 $2 {[%mdl 8192]} (42. Rc2 $17 {is a better chance.} Bxg5
43. hxg5 Qxe4+ 44. Qxe4 Rxe4 45. Rc7) 42... Qb5 $2 (42... a4 $19 {is more
deadly.} 43. Bd1 Be5) 43. Rd2 (43. Qd2 $17 {was worth a try.}) 43... Qc6 $2 (
43... a4 44. Bd1 Be5) 44. Re2 $1 {[#]} a4 $1 {[%cal Ra4b3]} 45. Bd1 Be5 46. Qf3
Rd7 47. Bc2 Qb5 48. Nh3 Bc7 {Threatens to win with ...b3!} 49. Ng1 (49. b3 {
was called for.} axb3 50. axb3) 49... Bb6 50. e5 {intending e6.} Nxe5 51. Qe4 (
51. Bxa4 Nxf3 52. Bxb5 Nxg1 53. Rc2) 51... Re7 52. Nf3 {[#]} Nc6 ({Better is} 
52... f5 $1 $19 53. Qxe5+ Rxe5 54. Rxe5 Qc4 55. Bxa4 Qxa2 {[%mdl 64] Double
Attack}) 53. Bd3 $15 Qc5 54. Rc2 Rxe4 55. Rxc5 Bxc5 56. Bxe4 {[%mdl 4096]
Endgame KBN-KBN} Ne7 57. Ne5 f5 58. Bf3 a3 59. bxa3 bxa3 60. Bd1 Nd5 61. Bb3
Nc3 62. Kf3 Nb5 {And now ...Nd4+ would win.} 63. Kg2 Bd4 64. Nd3 Be3 65. Ne5
Bc5 66. Nd3 Bd6 67. Nc1 Nc3 68. Bc4 Kf6 69. Ne2 Ne4 70. Bd5 Be5 71. Kf3 Nd6 72.
Kg2 Ke7 (72... g5 $15) 73. Kf3 (73. Nf4 $1 $11) 73... Ne8 74. Bb3 Nf6 (74...
Kf6 $15) 75. Kg2 (75. Nf4 $11) 75... Ne8 76. Kf3 $1 Nc7 77. Kg2 Ne6 78. Kf3 Kf6
79. Kg2 Bb8 80. Bc4 Nc5 81. Bd5 g5 82. hxg5+ Kxg5 83. Kh3 Nd3 84. Bc4 Nf2+ 85.
Kg2 Ne4 86. Kh3 Be5 87. Bd5 Bd6 88. Bc4 Bb4 89. Bd5 Be1 90. Be6 Kf6 91. Bc4 Ke5
92. Bb3 Kf6 93. Bd5 (93. Bc4 $1 $11) 93... Kg5 94. Be6 $1 Nf2+ 95. Kg2 Ne4 96.
Kh3 $1 {Whites escaped into a draw.  Weighted Error Value: White=0.41/Black=0.
35} 1/2-1/2

[Event "FIDE Chesscom Grand Swiss 2021"]
[Site "Riga"]
[Date "2021.11.05"]
[Round "9.48"]
[White "Neiksans, Arturs"]
[Black "Abasov, Nijat"]
[Result "1/2-1/2"]
[WhiteElo "2570"]
[BlackElo "2638"]
[Annotator "TA"]
[PlyCount "45"]
[EventDate "2021.10.27"]
[EventType "swiss"]
[EventCountry "LAT"]
[Tiebreak "Cut1 Buchholz+Sonneborn-Berger (Swiss)"]
[SourceTitle "playchess.com"]
[Source "ChessBase"]
[SourceQuality "1"]

{[%evp 22,45,23,0,10,3,17,6,17,10,15,0,9,13,17,8,17,0,5,2,19,0,0,0,19,0]} 1. e4
c5 2. Nf3 e6 3. d4 cxd4 4. Nxd4 Nf6 5. Nc3 Nc6 6. Ndb5 d6 7. Bf4 e5 8. Bg5 a6
9. Na3 b5 10. Nd5 Be7 11. Bxf6 Bxf6 12. c4 b4 {The position is equal. 12...0-0
is the modern continuation. B33: Sicilian: Pelikan and Sveshnikov Variations.}
13. Nc2 O-O 14. Be2 a5 15. O-O Bg5 16. Bg4 Bb7 17. Qd3 g6 18. Rad1 {[#]} h5
$146 ({Predecessor:} 18... Nb8 19. a3 bxa3 20. Nxa3 Na6 21. Nb5 Nc5 22. Qf3 Rb8
23. Bh3 Bc6 24. Ndc3 Be7 25. Qe2 f5 26. exf5 gxf5 {1/2-1/2 (49) Kolasinski,K 
(1975)-Bednarek,S (2313) Mrzezyno 2010}) 19. Bh3 Ne7 20. Nce3 Nc6 21. Nc2 Ne7
22. Nce3 Nc6 23. Nc2 {Not much happened in this game.  Weighted Error Value:
White=0.08/Black=0.06} 1/2-1/2

[Event "FIDE Chesscom Grand Swiss 2021"]
[Site "Riga"]
[Date "2021.11.05"]
[Round "9.49"]
[White "Jumabayev, Rinat"]
[Black "Van Foreest, Lucas"]
[Result "1-0"]
[WhiteElo "2658"]
[BlackElo "2543"]
[Annotator "TA"]
[PlyCount "61"]
[EventDate "2021.10.27"]
[EventType "swiss"]
[EventCountry "LAT"]
[Tiebreak "Cut1 Buchholz+Sonneborn-Berger (Swiss)"]
[SourceTitle "playchess.com"]
[Source "ChessBase"]
[SourceQuality "1"]

{[%evp 14,61,24,25,18,17,17,15,32,14,29,27,32,19,31,17,25,14,31,20,85,85,71,64,
140,141,136,125,139,149,160,152,191,188,189,194,195,150,156,142,141,78,256,261,
258,250,266,258,1463,1422]} 1. d4 g6 2. e4 Bg7 3. Nc3 d6 4. Be3 a6 5. Qd2 b5 {
[%cal Bb7b5,Bb5b4][%mdl 32]} 6. a4 b4 7. Nd1 a5 8. c3 Nf6 {B06: Modern Defence.
} 9. f3 bxc3 10. bxc3 O-O {The position is equal.} 11. Bd3 Nfd7 12. Ne2 {[#]}
c5 $146 ({Predecessor:} 12... e5 13. O-O Na6 14. Nb2 exd4 15. cxd4 Nb4 16. Bc4
d5 17. Bb3 Ba6 18. Rfc1 c6 {1/2-1/2 (36) Sanjuan Garcia,M (2112)-Bernabeu
Lopez,C (2321) Algeciras 2018}) 13. O-O Na6 14. Nb2 cxd4 15. cxd4 Nb4 16. Bb5
f5 (16... d5 $11 {remains equal.}) 17. exf5 $16 Rxf5 18. Nc4 Ba6 (18... Nb8 $14
) 19. Bxd7 {[%mdl 64] [#] Overworked Piece} Qxd7 20. Nb6 {[%csl LRa8,LRd7]
[%mdl 64] Double Attack} Qb7 21. Nxa8 Qxa8 22. Ng3 Rd5 23. Rfd1 Qc6 24. Ne4 Qd7
25. Rac1 Rf5 26. Bh6 Nd3 27. Qa2+ (27. Rb1 $142) 27... e6 $2 {[#] A mistake
that costs the game.} (27... Rf7 $16 {was worth a try.} 28. Bxg7 (28. Ng5 $2
Bxd4+ 29. Kh1 Nf2+ 30. Qxf2 Bxf2 $19) 28... Nxc1 29. Rxc1 Kxg7) 28. Bxg7 $18
Nxc1 29. Rxc1 Kxg7 30. Qb2 Rd5 $2 (30... Rf8 31. d5+ e5) 31. Qb8 {Weighted
Error Value: White=0.07/Black=0.24} 1-0